[Event "Saint Louis Masters 2026"]
[Site "Saint Louis USA"]
[Date "2026.02.26"]
[Round "4.25"]
[White "Bilovil, Bogdan"]
[Black "Mardov, Dimitar"]
[Result "1/2-1/2"]
[WhiteTitle "IM"]
[BlackTitle "IM"]
[WhiteElo "2446"]
[BlackElo "2504"]
[WhiteFideId "14168766"]
[BlackFideId "30919495"]
[EventDate "2026.02.25"]

1. d4 d5 2. c4 e6 3. Nc3 Nf6 4. cxd5 exd5 5. Bf4 Bd6 6. Bxd6 Qxd6 7. e3 O-O 8.
Bd3 Bg4 9. Nge2 Bxe2 10. Qxe2 Re8 11. O-O c6 12. Rad1 Nbd7 13. Bb1 Nf8 14. f3
Ne6 15. Qf2 Rad8 16. a3 h6 17. Ne2 c5 18. dxc5 Qxc5 19. Nd4 Nxd4 20. Rxd4 Re5
21. Qd2 Rde8 22. Rc1 Qe7 23. Rd3 g6 24. Rcc3 Kg7 25. Ba2 Qe6 26. Rc5 Rh5 27. b4
b6 28. Rc1 Qe7 29. Qc3 Re5 30. Kf2 Kg8 31. Qd4 Rf5 32. Kg1 Re5 33. Rc6 Kg7 34.
Kf2 h5 35. Rdc3 Qd8 36. b5 R5e6 37. a4 R8e7 38. g3 Re8 39. Bb3 Kg8 40. Rc7 Qd6
41. R3c6 Qa3 42. Rxe6 Rxe6 43. Bxd5 Re7 44. Rc8+ Ne8 45. e4 Kh7 46. Kg2 Qd6 47.
Qc3 Nf6 48. Qb2 Ng8 49. Qd4 Qf6 50. Qxf6 Nxf6 51. Bc6 Kg7 52. Kf2 Nh7 53. h4 f5
54. e5 Nf8 55. f4 Ne6 56. Bd5 Nc5 57. a5 Rd7 58. Bc4 Ne4+ 59. Ke3 bxa5 60. Rc6
a4 61. e6 Rb7 62. Kd4 Kf6 63. Ra6 Ke7 64. Bd5 Rc7 65. Rxa4 Nxg3 66. Ke5 Ne4 67.
Bxe4 fxe4 68. Kxe4 Rb7 69. Ra6 1/2-1/2

[Event "Saint Louis Masters 2026"]
[Site "Saint Louis USA"]
[Date "2026.02.26"]
[Round "4.26"]
[White "Bok, Benjamin"]
[Black "Ostrovskiy, Aleksandr"]
[Result "1/2-1/2"]
[WhiteTitle "GM"]
[BlackTitle "IM"]
[WhiteElo "2592"]
[BlackElo "2367"]
[WhiteFideId "1017063"]
[BlackFideId "2034239"]
[EventDate "2026.02.25"]

1. Nf3 d5 2. g3 Nf6 3. Bg2 e6 4. O-O c5 5. c4 dxc4 6. Na3 Nc6 7. Nxc4 Be7 8. b3
O-O 9. Bb2 Qc7 10. Nfe5 Bd7 11. a4 Rfd8 12. Rc1 Be8 13. e3 Rac8 14. Qe2 Nd5 15.
Nxc6 Bxc6 16. Be5 Qd7 17. Na5 Nb4 18. Qg4 g6 19. Nxc6 Nxc6 20. Bc3 Nb4 21. Rcd1
Nd5 22. Ba1 Bf6 23. d4 cxd4 24. Bxd4 h5 25. Qe4 Qe7 26. Bxa7 b6 27. Rxd5 Rxd5
28. Bxb6 Qa3 29. a5 Qxb3 30. Qb1 Rb5 31. Qxb3 Rxb3 32. a6 Rxb6 33. a7 Ra6 34.
Bb7 Rxa7 35. Bxc8 1/2-1/2

[Event "Saint Louis Masters 2026"]
[Site "Saint Louis USA"]
[Date "2026.02.26"]
[Round "4.27"]
[White "Tiglon, Bryce"]
[Black "Wang, Tianqi"]
[Result "1/2-1/2"]
[WhiteTitle "GM"]
[BlackTitle "IM"]
[WhiteElo "2550"]
[BlackElo "2331"]
[WhiteFideId "2087456"]
[BlackFideId "2063824"]
[EventDate "2026.02.25"]

1. e4 e6 2. d4 a6 3. Nc3 d5 4. Bd3 c5 5. dxc5 Bxc5 6. exd5 exd5 7. Nf3 Nc6 8.
O-O Nf6 9. Bg5 Be6 10. Re1 O-O 11. Qd2 Re8 12. Rad1 h6 13. Bh4 Rc8 14. a3 Be7
15. h3 Qb6 16. Qc1 Rcd8 17. Bg3 d4 18. Ne4 Nxe4 19. Bxe4 Bf6 20. Bh4 Bxh4 21.
Nxh4 Ne5 22. Nf5 Bc8 23. Ng3 Qf6 24. Qd2 b5 25. b3 Qd6 26. Qa5 g6 27. c3 d3 28.
f4 Qc5+ 29. Kh2 f5 30. Ba8 Nf7 31. Rxe8+ Rxe8 32. Rxd3 Re1 33. Rd4 Qe7 34. Qb6
Kg7 35. Rd2 Qe3 36. Qxe3 Rxe3 37. Ne2 Be6 38. Nd4 Bc8 39. Rc2 g5 40. Bb7 Bd7 41.
Bxa6 gxf4 42. Bxb5 Bc8 43. Rf2 Rxc3 44. Rxf4 Nd6 45. Bf1 Kf6 46. Rf3 Rc1 47. Bd3
Ke5 48. Ne2 Ra1 49. Re3+ Ne4 50. g4 Rxa3 51. gxf5 Bxf5 52. Bb1 Ra1 53. Nc3 Kd4
54. Rd3+ Ke5 55. Re3 Kd4 56. Rd3+ Ke5 57. Rd5+ Ke6 58. Rb5 Nxc3 59. Bxf5+ Kf6
60. Rc5 Ra2+ 61. Kg3 Ne2+ 62. Kg4 Nd4 63. Be4 Re2 64. Bd5 Re3 65. b4 h5+ 66.
Kxh5 Rxh3+ 67. Kg4 Rd3 68. Kf4 Ne6+ 69. Bxe6 Kxe6 70. Ke4 Rd1 71. Rc4 Kd6 72.
Ke3 Kd5 73. Rc5+ Kd6 74. Rc4 Kd5 75. Rc8 Rb1 76. Rc5+ Kd6 77. Rc4 Kd5 78. Rc5+
Kd6 79. Rc4 Kd5 80. Rd4+ Kc6 81. Kd2 Kb5 82. Kc3 Rc1+ 83. Kb3 Rb1+ 84. Kc3 Rc1+
85. Kb2 Rc4 86. Rxc4 Kxc4 87. Ka3 Kb5 88. Kb3 Kb6 89. Kc4 Kc6 90. b5+ Kb6 91.
Kb4 Kb7 92. Ka5 Ka7 93. b6+ Kb7 94. Kb5 Kb8 95. Kc6 Kc8 96. Kc5 Kb7 97. Kb5 Kb8
98. Ka6 Ka8 99. b7+ Kb8 100. Kb6 1/2-1/2

[Event "Saint Louis Masters 2026"]
[Site "Saint Louis USA"]
[Date "2026.02.26"]
[Round "4.28"]
[White "Heimann, Mark"]
[Black "Gueci, Tea"]
[Result "0-1"]
[WhiteTitle "GM"]
[BlackTitle "WIM"]
[WhiteElo "2511"]
[BlackElo "2138"]
[WhiteFideId "2028441"]
[BlackFideId "872342"]
[EventDate "2026.02.25"]

1. d4 d5 2. c4 e6 3. Nc3 Nf6 4. cxd5 exd5 5. Bg5 c6 6. e3 Be7 7. Bd3 h6 8. Bh4
O-O 9. Nge2 Re8 10. O-O a5 11. f3 b5 12. Qc2 Ba6 13. Rad1 Nfd7 14. Bf2 Bh4 15.
Ng3 Nf6 16. Nce2 b4 17. Nc1 Qb6 18. Kh1 Nbd7 19. Bg1 Bxg3 20. hxg3 a4 21. Bxa6
Rxa6 22. Nd3 b3 23. axb3 axb3 24. Qc3 Ra4 25. Rc1 Rc4 26. Qd2 Ra8 27. Rxc4 dxc4
28. Nf4 Qb5 29. Re1 Nd5 30. Ne2 Nb4 31. Nc3 Qh5+ 32. Bh2 Nd3 33. g4 Qh4 34. Rf1
Nb6 35. Kg1 Qd8 36. Bg3 Na4 37. Nxa4 Rxa4 38. Qc3 Qa5 39. Be1 Nxe1 40. Qxe1 Qxe1
41. Rxe1 c3 42. Kf2 cxb2 43. Rb1 Ra1 0-1

[Event "Saint Louis Masters 2026"]
[Site "Saint Louis USA"]
[Date "2026.02.26"]
[Round "4.29"]
[White "Rorrer, Grayson"]
[Black "Apaar Saxena"]
[Result "1-0"]
[WhiteTitle "IM"]
[BlackTitle "FM"]
[WhiteElo "2415"]
[BlackElo "2263"]
[WhiteFideId "30944996"]
[BlackFideId "25937219"]
[EventDate "2026.02.25"]

1. d4 d5 2. c4 e6 3. Nf3 Nf6 4. g3 Be7 5. Bg2 O-O 6. O-O a5 7. Nc3 c6 8. b3 b6
9. Qd3 Ba6 10. Rd1 b5 11. Ne5 bxc4 12. bxc4 Nfd7 13. Qc2 Nxe5 14. cxd5 cxd5 15.
dxe5 Qc7 16. Bb2 Nc6 17. Rac1 Rac8 18. e4 d4 19. Nd5 Qb7 20. Nxe7+ Nxe7 21. Qd2
d3 22. Ba3 Rfd8 23. Bxe7 Qxe7 24. Qxa5 Bc4 25. Bf1 Qd7 26. Qb6 h6 27. Qe3 Qa4
28. Qd2 Rc5 29. Qc3 Qxa2 30. Bxd3 Rdc8 31. Qb4 Qb3 32. Qxb3 Bxb3 33. Rxc5 Rxc5
34. Rb1 Rc3 35. Be2 Ba4 36. Rb8+ Kh7 37. Rb7 Kg8 38. h4 g6 39. Rb4 Bc2 40. Rd4
Rc5 41. f4 Kg7 42. Kf2 Bb1 43. Rb4 Bc2 44. Ke3 Ra5 45. Kd2 Ra4 46. Rxa4 Bxa4 47.
Kc3 h5 48. Kd4 Kf8 49. f5 Bd7 50. fxg6 fxg6 51. Kc5 Ke7 52. Bb5 Bc8 53. Kc6 Kd8
54. Kb6 1-0

[Event "Saint Louis Masters 2026"]
[Site "Saint Louis USA"]
[Date "2026.02.26"]
[Round "4.30"]
[White "Narayanan, Samrug"]
[Black "Sargsyan, Anna M."]
[Result "1-0"]
[WhiteTitle "IM"]
[BlackTitle "IM"]
[WhiteElo "2438"]
[BlackElo "2372"]
[WhiteFideId "30914051"]
[BlackFideId "13308130"]
[EventDate "2026.02.25"]

1. e4 e5 2. Nf3 Nc6 3. Bc4 Bc5 4. O-O d6 5. c3 Nf6 6. d4 Bb6 7. dxe5 Nxe5 8.
Nxe5 dxe5 9. Qe2 Bg4 10. Qe1 Qd7 11. Be3 O-O-O 12. Bxb6 axb6 13. f3 Be6 14. Na3
c6 15. Qe3 b5 16. Bxe6 Qxe6 17. Nc2 Qd6 18. a4 Qd2 19. axb5 Qxc2 20. Qb6 Rd2 21.
Ra8+ Kd7 22. Qxb7+ Ke6 23. Qxc6+ Rd6 24. Qc4+ Ke7 25. Rxh8 Rd2 26. Qc5+ Ke6 27.
Qc8+ Nd7 28. Kh1 1-0

[Event "Saint Louis Masters 2026"]
[Site "Saint Louis USA"]
[Date "2026.02.26"]
[Round "4.31"]
[White "Lu, Maximillian"]
[Black "Cervantes Landeiro, Thalia"]
[Result "1-0"]
[WhiteTitle "IM"]
[BlackTitle "FM"]
[WhiteElo "2424"]
[BlackElo "2247"]
[WhiteFideId "2096242"]
[BlackFideId "3520498"]
[EventDate "2026.02.25"]

1. Nf3 d5 2. g3 Nf6 3. Bg2 c5 4. O-O e6 5. c4 Nc6 6. cxd5 exd5 7. d4 Be7 8. Nc3
O-O 9. dxc5 Bxc5 10. Na4 Be7 11. b3 b5 12. Nc3 a6 13. Bb2 Bb7 14. e3 Rc8 15. Re1
Bc5 16. Re2 d4 17. exd4 Nxd4 18. Nxd4 Bxg2 19. Kxg2 Qxd4 20. Ne4 Qxd1 21. Nxf6+
gxf6 22. Rxd1 Kg7 23. Rd5 h6 24. Rf5 Rc6 25. Bxf6+ Rxf6 26. Rxc5 Rd8 27. Rec2
Rdd6 28. g4 Rf4 29. f3 Rdf6 30. R2c3 Rd4 31. Kg3 Rd2 32. a4 bxa4 33. bxa4 Ra2
34. a5 Ra4 35. R3c4 Ra1 36. Rc1 Ra3 37. R1c3 Ra4 38. h4 Ra1 39. h5 Rg1+ 40. Kh2
Rf1 41. Kg2 Ra1 42. Re5 Ra2+ 43. Kg3 Ra1 44. Rd3 Rg1+ 45. Kh2 Rf1 46. Kg2 Ra1
47. Rdd5 Ra2+ 48. Kg3 Ra3 49. Rf5 Rxf5 50. Rxf5 Ra4 51. Kf2 Ra3 52. Ke2 Rc3 53.
Rd5 Ra3 54. Kf2 Kh7 55. Rc5 Kg7 56. Rf5 Rb3 57. Kg3 Rb4 58. g5 hxg5 59. Rxg5+
Kh6 60. Rc5 Ra4 61. f4 Rd4 62. Kf3 Ra4 63. Kg4 Kg7 64. Kg5 Ra1 65. h6+ Kh7 66.
Kf6 Kxh6 67. Kxf7 Rf1 68. f5 Kh7 69. f6 1-0

[Event "Saint Louis Masters 2026"]
[Site "Saint Louis USA"]
[Date "2026.02.26"]
[Round "4.32"]
[White "Kiolbasa, Oliwia"]
[Black "Caglar, Sila"]
[Result "1/2-1/2"]
[WhiteTitle "IM"]
[BlackTitle "WIM"]
[WhiteElo "2397"]
[BlackElo "2215"]
[WhiteFideId "1154613"]
[BlackFideId "6364063"]
[EventDate "2026.02.25"]

1. e4 c5 2. Nf3 g6 3. d4 cxd4 4. Nxd4 Bg7 5. Nc3 Nc6 6. Nb3 Nf6 7. Bc4 d6 8. O-O
O-O 9. Re1 Bd7 10. Nd5 Nxd5 11. exd5 Ne5 12. Bf1 Rc8 13. c3 b5 14. Nd4 Rc5 15.
Nb3 Rc8 16. Qe2 Re8 17. Be3 a5 18. Rad1 a4 19. Nd4 Nc4 20. Bc1 Rc5 21. Nc2 e6
22. dxe6 Rxe6 23. Qf3 Bc6 24. Qg3 Be5 25. f4 Bf6 26. Rxe6 fxe6 27. Ne3 Bb7 28.
Qf2 Rc8 29. Nxc4 bxc4 30. a3 Bd5 31. Be2 Qc7 32. Bg4 Qc6 33. Re1 Re8 34. h4 Re7
35. Re3 h5 36. Bd1 Be4 37. Bxa4 Qxa4 38. Rxe4 Qd1+ 39. Qe1 Qxe1+ 40. Rxe1 Bxh4
41. Rd1 d5 42. Be3 Rb7 43. a4 Bd8 44. Ra1 Ba5 45. Ra2 Kf7 46. Bd4 Ke7 47. Kf2
Kf7 48. Kf3 Rb8 49. g4 Rb7 50. Bc5 Rb8 51. Bd6 Rb7 52. Kg3 d4 53. cxd4 Rb3+ 54.
Kg2 hxg4 55. Bc5 Kf6 56. Ba3 Kf5 57. Ra1 Kxf4 58. Rf1+ Ke4 59. Rf6 c3 60. Rxe6+
Kd3 61. bxc3 Rxa3 62. Rxg6 Bxc3 63. Rxg4 Rxa4 64. Rg3+ Kc4 65. d5 Ra2+ 66. Kh3
Be5 67. Rg2 Ra3+ 68. Kg4 Kxd5 69. Rd2+ Bd4 70. Kf4 Ra8 71. Kf5 Rf8+ 72. Kg6 Rf6+
73. Kg5 Rf1 74. Kg6 Ke5 75. Re2+ Kf4 76. Rd2 Rg1+ 77. Kf7 Ke5 78. Ra2 Kf5 79.
Ke7 Be5 80. Kd7 Rc1 81. Ra7 Rc2 82. Rb7 Rc5 83. Ra7 Ke4 84. Ke6 Rc6+ 85. Kd7 Rh6
86. Ra4+ Bd4 87. Ra5 Bc3 88. Rb5 Rh7+ 1/2-1/2

[Event "Saint Louis Masters 2026"]
[Site "Saint Louis USA"]
[Date "2026.02.26"]
[Round "4.33"]
[White "Antova, Gabriela"]
[Black "Abrahamyan, Tatev"]
[Result "1-0"]
[WhiteTitle "FM"]
[BlackTitle "IM"]
[WhiteElo "2168"]
[BlackElo "2378"]
[WhiteFideId "2915235"]
[BlackFideId "13301918"]
[EventDate "2026.02.25"]

1. d4 Nf6 2. Nf3 g6 3. Bg5 Bg7 4. Nbd2 d6 5. e4 h6 6. Bh4 g5 7. Bg3 Nh5 8. c3
Nxg3 9. hxg3 e6 10. Be2 Nd7 11. Qc2 Qe7 12. Nc4 a6 13. Rd1 b6 14. Ne3 Bb7 15.
Nd2 Rc8 16. Kf1 c5 17. dxc5 Nxc5 18. b4 Nxe4 19. Nxe4 d5 20. Nc4 O-O 21. Nxb6
Rc6 22. Nxd5 exd5 23. Nc5 Rd6 24. Bf3 Bc6 25. g4 Qf6 26. Rc1 Re8 27. Rh3 Bb5+
28. Kg1 Qf4 29. Qd1 Bc4 30. g3 Qe5 31. Nb3 Bxb3 32. Qxb3 Rc8 33. Kg2 Rxc3 34.
Rxc3 Qxc3 35. Bxd5 Qd2 36. Bxf7+ Kf8 37. Be6 Bd4 38. Qf3+ Ke7 39. Qf7+ Kd8 40.
Rxh6 Qe2 41. Qf8+ Kc7 42. Qxd6+ 1-0

[Event "Saint Louis Masters 2026"]
[Site "Saint Louis USA"]
[Date "2026.02.26"]
[Round "4.34"]
[White "Chirilov, James A"]
[Black "Kavutskiy, Kostya"]
[Result "1/2-1/2"]
[WhiteTitle "FM"]
[BlackTitle "IM"]
[WhiteElo "2264"]
[BlackElo "2330"]
[WhiteFideId "30976677"]
[BlackFideId "2026384"]
[EventDate "2026.02.25"]

1. e4 c5 2. Nf3 e6 3. d3 Nc6 4. g3 g6 5. Bg2 Bg7 6. O-O Nge7 7. Re1 e5 8. c3 d6
9. a3 O-O 10. b4 h6 11. Be3 b6 12. b5 Na5 13. Nbd2 f5 14. exf5 gxf5 15. Nb3 Nb7
16. Nh4 d5 17. Qe2 Nd6 18. c4 Bb7 19. Rad1 Qd7 20. a4 Rad8 21. Nd2 Rde8 22. Nb3
dxc4 23. Bxb7 Qxb7 24. dxc4 Ne4 25. Qf3 Qc8 26. Bc1 Ng5 27. Qh5 Nf7 28. Ng6 Nxg6
29. Qxg6 e4 30. Bf4 Ne5 31. Bxe5 Rxe5 32. Rd6 Qe8 33. Qxe8 Rfxe8 34. a5 e3 35.
f3 e2 36. axb6 axb6 37. Nc1 Re3 38. Rxb6 Bc3 39. Rxe2 Rxe2 40. Nxe2 Rxe2 41.
Rxh6 Bd4+ 42. Kh1 Kg7 43. Rc6 Rc2 44. g4 Rxc4 45. b6 Rb4 46. h4 fxg4 47. fxg4 c4
48. g5 Bxb6 49. h5 Bd8 50. Kg2 Rb5 51. h6+ Kh7 52. g6+ Kxh6 53. g7+ Kxg7 54.
Rxc4 Rb3 55. Rc6 Bf6 56. Kf2 Kg6 57. Ke2 Kf5 58. Rc4 Be5 59. Kd2 Ke6 60. Rc5 Kd6
61. Ra5 Bd4 62. Ke2 Bc5 63. Ra8 Re3+ 64. Kd2 Kd5 65. Rg8 Kc4 66. Rg4+ Bd4 67.
Rg8 Rf3 68. Rc8+ Bc5 69. Re8 Ra3 70. Ke2 Ra2+ 71. Kf3 Bd4 72. Re2 Ra8 73. Re7
Kd3 74. Rf7 Ra1 75. Re7 Rf1+ 76. Kg4 Bf6 77. Re6 Kd4 78. Re2 Be5 79. Kg5 Kd5 80.
Kg4 Rf4+ 81. Kg3 Ke6 82. Kg2 Ra4 83. Rf2 Bf4 84. Rc2 Kf5 85. Kf3 Ra3+ 86. Ke2
Kg4 87. Rc4 Re3+ 88. Kd2 Kf5 89. Kc2 Ke5 90. Ra4 Rf3 91. Ra5+ Kd4 92. Ra4+ Kc5
93. Re4 Be3 94. Ra4 Bd4 95. Ra5+ Kb4 96. Ra8 Bc5 97. Kd2 Kc4 98. Ra4+ Kd5 99.
Rg4 Bd4 100. Ke2 Ra3 101. Rg5+ Ke4 102. Rg4+ Kd5 103. Rg5+ Ke4 104. Rg4+ 1/2-1/2

[Event "Saint Louis Masters 2026"]
[Site "Saint Louis USA"]
[Date "2026.02.27"]
[Round "5.1"]
[White "Lodici, Lorenzo"]
[Black "Durarbayli, Vasif"]
[Result "1-0"]
[WhiteTitle "GM"]
[BlackTitle "GM"]
[WhiteElo "2590"]
[BlackElo "2612"]
[WhiteFideId "884189"]
[BlackFideId "13402935"]
[EventDate "2026.02.25"]

1. e4 e5 2. Nf3 Nc6 3. Bb5 a6 4. Ba4 Nf6 5. d3 b5 6. Bb3 Bc5 7. c3 d6 8. Nbd2
Bb6 9. a4 Rb8 10. h3 O-O 11. O-O Nh5 12. axb5 axb5 13. Re1 Kh8 14. Nf1 f5 15.
Ng5 g6 16. Nf7+ Rxf7 17. Bxf7 f4 18. Bd5 Qg5 19. Qf3 Ne7 20. d4 Qh4 21. dxe5
dxe5 22. Be3 c5 23. b4 g5 24. Nh2 Bxh3 25. Qxh3 Qxh3 26. gxh3 fxe3 27. fxe3 cxb4
28. cxb4 Nxd5 29. exd5 Nf4 30. Ng4 Kg7 31. Rad1 Rd8 32. d6 Ng6 33. Rd5 Kf7 34.
Rf1+ Kg7 35. Kh1 h5 36. Nxe5 Bxe3 37. Nxg6 Kxg6 38. d7 g4 39. Re1 1-0

[Event "Saint Louis Masters 2026"]
[Site "Saint Louis USA"]
[Date "2026.02.27"]
[Round "5.2"]
[White "Woodward, Andy"]
[Black "Stremavicius, Titas"]
[Result "1-0"]
[WhiteTitle "GM"]
[BlackTitle "GM"]
[WhiteElo "2608"]
[BlackElo "2547"]
[WhiteFideId "30953499"]
[BlackFideId "12804444"]
[EventDate "2026.02.25"]

1. d4 d5 2. Nf3 Nf6 3. Bf4 c5 4. e3 Nc6 5. Nbd2 e6 6. c3 Be7 7. Ne5 Nd7 8. Nxd7
Qxd7 9. Bd3 b6 10. a4 Bb7 11. h4 Bd6 12. Qg4 Bxf4 13. exf4 cxd4 14. cxd4 Qe7 15.
O-O O-O 16. Nf3 h6 17. Rfe1 Bc8 18. Rac1 Nb4 19. Bb1 Bd7 20. Ne5 Rac8 21. Rxc8
Bxc8 22. Re3 Bd7 23. Qg3 Rc8 24. f5 exf5 25. Ng4 Be6 26. Bxf5 Rc1+ 27. Kh2 Qc7
28. f4 Rf1 29. Nf6+ Kf8 30. Nh5 g5 31. Rc3 Qd6 32. Bxe6 1-0

[Event "Saint Louis Masters 2026"]
[Site "Saint Louis USA"]
[Date "2026.02.27"]
[Round "5.3"]
[White "Akobian, Varuzhan"]
[Black "Antipov, Mikhail Al."]
[Result "1/2-1/2"]
[WhiteTitle "GM"]
[BlackTitle "GM"]
[WhiteElo "2549"]
[BlackElo "2591"]
[WhiteFideId "13300580"]
[BlackFideId "4107012"]
[EventDate "2026.02.25"]

1. d4 Nf6 2. c4 e6 3. Nf3 d5 4. cxd5 exd5 5. Nc3 c6 6. Qc2 g6 7. Bg5 Be7 8. e3
Bf5 9. Bd3 Bxd3 10. Qxd3 O-O 11. O-O Nbd7 12. Rab1 a5 13. Qc2 Re8 14. Rfc1 Rc8
15. h3 1/2-1/2

[Event "Saint Louis Masters 2026"]
[Site "Saint Louis USA"]
[Date "2026.02.27"]
[Round "5.4"]
[White "Hong, Andrew"]
[Black "Hardaway, Brewington"]
[Result "1-0"]
[WhiteTitle "GM"]
[BlackTitle "GM"]
[WhiteElo "2587"]
[BlackElo "2544"]
[WhiteFideId "2099438"]
[BlackFideId "30941849"]
[EventDate "2026.02.25"]

1. e4 c5 2. Nf3 d6 3. d4 cxd4 4. Nxd4 Nf6 5. Nc3 Nc6 6. Bg5 Bd7 7. Qd2 Rc8 8.
O-O-O Nxd4 9. Qxd4 Qa5 10. Bd2 a6 11. f3 g6 12. Bc4 Bg7 13. Bb3 O-O 14. Qf2 Be6
15. Nd5 Qd8 16. h4 Bxd5 17. exd5 h5 18. g4 b5 19. Qe1 Qb6 20. Rg1 Rfe8 21. Kb1
Qb7 22. gxh5 Nxh5 23. Rg5 Qd7 24. Qg1 Kf8 25. Rxg6 fxg6 26. Qxg6 Qa7 27. Qxh5
Qd4 28. c3 Qe5 29. Qh7 e6 30. dxe6 d5 31. Re1 Qf6 32. Bxd5 Re7 33. Bg5 Bh8 34.
Bh6+ 1-0

[Event "Saint Louis Masters 2026"]
[Site "Saint Louis USA"]
[Date "2026.02.27"]
[Round "5.5"]
[White "Kantor, Gergely"]
[Black "Quesada Perez, Yasser"]
[Result "1/2-1/2"]
[WhiteTitle "GM"]
[BlackTitle "GM"]
[WhiteElo "2515"]
[BlackElo "2562"]
[WhiteFideId "751499"]
[BlackFideId "3509362"]
[EventDate "2026.02.25"]

1. e4 e5 2. Nf3 Nc6 3. Bb5 a6 4. Ba4 Nf6 5. O-O Be7 6. Re1 b5 7. Bb3 d6 8. c3
O-O 9. h3 Re8 10. d4 Bb7 11. a3 Bf8 12. Ba2 h6 13. d5 Na5 14. b3 c6 15. c4 Rc8
16. Re2 Nh5 17. dxc6 Bxc6 18. Nc3 bxc4 19. bxc4 Nf6 20. Rb1 Bd7 21. Qd3 Qc7 22.
Rc2 Be6 23. Nd2 Qc5 24. Na4 Qc6 25. Nb6 Rc7 26. Rcb2 Nd7 27. Nd5 Rb7 28. Rb4 Nc5
29. Qc2 Qd7 30. Nb6 Qd8 31. Nd5 Qh4 32. Nf3 Qh5 33. Be3 Reb8 34. Bxc5 dxc5 1/2-1/2

[Event "Saint Louis Masters 2026"]
[Site "Saint Louis USA"]
[Date "2026.02.27"]
[Round "5.6"]
[White "Pranav, V"]
[Black "Budisavljevic, Luka"]
[Result "1-0"]
[WhiteTitle "GM"]
[BlackTitle "GM"]
[WhiteElo "2641"]
[BlackElo "2501"]
[WhiteFideId "25060783"]
[BlackFideId "960047"]
[EventDate "2026.02.25"]

1. e4 e6 2. d4 d5 3. e5 c5 4. c3 Nc6 5. Nf3 Bd7 6. Be2 f6 7. O-O fxe5 8. Nxe5
cxd4 9. cxd4 Bd6 10. Nxd7 Qxd7 11. Re1 Nf6 12. Nc3 O-O 13. Be3 Kh8 14. Bf3 Rad8
15. Qa4 e5 16. dxe5 Nxe5 17. Qxd7 Nxf3+ 18. gxf3 Nxd7 19. Red1 Ne5 20. Rxd5 Bb8
21. f4 Ng6 22. Rad1 Rxd5 23. Rxd5 Kg8 24. Ne2 a6 25. Rd7 Rf7 26. Rd8+ Rf8 27.
Rd7 Rf7 28. Rd4 Bc7 29. Kg2 Nh4+ 30. Kh3 Nf5 31. Rc4 g6 32. Ng3 Nd6 33. Rc5 Bb6
34. Rc3 Ba5 35. Rd3 Bc7 36. Rd5 Nf5 37. Kg4 Nd6 38. Bd4 h5+ 39. Kf3 Nc4 40. Ne2
Re7 41. Bc3 Rf7 42. h3 Nd6 43. Be5 Nf5 44. Ke4 Kf8 45. Nc3 Bb6 46. f3 Ke8 47.
Na4 Ba7 48. Nc5 Bxc5 49. Rxc5 Rd7 50. Bc3 Kf7 51. a4 Rd1 52. Ke5 Rd7 53. Rc8 Ne7
54. Rh8 Rd5+ 55. Ke4 Rd1 56. Rh7+ Ke6 57. Rh6 Kf7 58. Rh7+ Ke6 59. Rg7 Rh1 60.
Bb4 Nc6 61. Rxb7 Rxh3 62. Bc3 h4 63. Rb6 Kd7 64. Rb7+ Kd6 65. Rg7 Rg3 66. Be1
Rg2 67. Bxh4 Rxb2 68. Rxg6+ Kc5 69. Rg5+ Kb6 70. Rg6 Kc5 71. a5 Rb4+ 72. Kf5 Kd5
73. Bf6 Rb3 74. Kg4 Nxa5 75. Rg5+ Ke6 76. Bh8 Nc6 77. f5+ Kd6 78. f4 Rb1 79. f6
Rh1 80. Bg7 Ke6 81. Rc5 Rg1+ 82. Kh5 Nd8 83. Re5+ Kd6 84. Bf8+ Kc6 85. Rc5+ Kb6
86. Rd5 Kc7 87. Rxd8 Kxd8 88. f7 Rh1+ 89. Kg6 Rg1+ 90. Kf6 Rg4 91. Bd6 1-0

[Event "Saint Louis Masters 2026"]
[Site "Saint Louis USA"]
[Date "2026.02.27"]
[Round "5.7"]
[White "Bharath, Subramaniyam H"]
[Black "Atanasov, Anthony"]
[Result "1/2-1/2"]
[WhiteTitle "GM"]
[BlackTitle "IM"]
[WhiteElo "2595"]
[BlackElo "2441"]
[WhiteFideId "46634827"]
[BlackFideId "2623897"]
[EventDate "2026.02.25"]

1. e4 e5 2. Nf3 Nf6 3. Nc3 Nc6 4. Bb5 Nd4 5. Bc4 c6 6. O-O d6 7. h3 b5 8. Bd3
Nxf3+ 9. Qxf3 g5 10. Be2 h5 11. d4 g4 12. Qd3 gxh3 13. dxe5 hxg2 14. Rd1 Nd7 15.
Qg3 Nxe5 16. Bf4 h4 17. Qxg2 Qf6 18. Bg5 Qg7 19. f4 h3 20. Qg3 Be7 21. Kh1 Bxg5
22. fxg5 Rh6 23. Qf4 Bd7 24. Rg1 Re6 25. Raf1 O-O-O 26. a4 b4 27. Nd1 Rde8 28.
Ne3 Ng6 29. Qxf7 Qe5 30. Ng4 Qxb2 31. Nf6 Ne5 32. Qh5 Qxc2 33. Nxe8 Rxe8 34. g6 1/2-1/2

[Event "Saint Louis Masters 2026"]
[Site "Saint Louis USA"]
[Date "2026.02.27"]
[Round "5.8"]
[White "Adewumi, Tanitoluwa"]
[Black "Can, Isik"]
[Result "1/2-1/2"]
[WhiteTitle "IM"]
[BlackTitle "GM"]
[WhiteElo "2433"]
[BlackElo "2562"]
[WhiteFideId "30966396"]
[BlackFideId "6383742"]
[EventDate "2026.02.25"]

1. d4 d5 2. c4 e6 3. Nc3 c6 4. cxd5 exd5 5. Bf4 Bd6 6. Bxd6 Qxd6 7. e3 Ne7 8.
Nf3 Nd7 9. Bd3 Nf6 10. Qc2 g6 11. Qb3 O-O 12. O-O Rb8 13. a4 Bf5 14. Bxf5 Nxf5
15. a5 Rfe8 16. Rfd1 Ng4 17. Qa3 Qc7 18. g3 h5 19. Qb3 h4 20. Qc2 hxg3 21. hxg3
Ngxe3 22. fxe3 Qxg3+ 23. Qg2 Qxg2+ 24. Kxg2 Nxe3+ 25. Kf2 Nxd1+ 26. Rxd1 f6 27.
Na4 Re7 28. Rc1 a6 29. Rc3 g5 30. Rb3 Rf8 31. Nc5 Rff7 32. Nh2 Kg7 33. Ng4 Kg6
34. Rf3 Re8 35. Rh3 Ree7 36. Rf3 Rf8 37. b3 Rff7 38. Rh3 Rh7 39. Rf3 Rhf7 40.
Rh3 Rh7 41. Rf3 f5 42. Ne5+ Rxe5 43. dxe5 f4 44. e6 Kf5 45. Rd3 g4 46. Rd4 Rh2+
47. Ke1 f3 48. Rd3 Kf4 49. Rd4+ Kf5 50. Rd3 Rc2 51. Rd2 Rxd2 52. Kxd2 Kf6 1/2-1/2

[Event "Saint Louis Masters 2026"]
[Site "Saint Louis USA"]
[Date "2026.02.27"]
[Round "5.9"]
[White "Sonis, Francesco"]
[Black "Celik, Hasan Huseyin"]
[Result "1-0"]
[WhiteTitle "GM"]
[BlackTitle "IM"]
[WhiteElo "2561"]
[BlackElo "2495"]
[WhiteFideId "895733"]
[BlackFideId "44506759"]
[EventDate "2026.02.25"]

1. e4 e6 2. d4 d5 3. Nc3 Bb4 4. e5 c5 5. a3 Bxc3+ 6. bxc3 Ne7 7. h4 Nbc6 8. Nf3
Qa5 9. Bd2 Bd7 10. h5 h6 11. Qb1 Qc7 12. Bd3 Na5 13. a4 Nc4 14. Bf4 Bc6 15. dxc5
f6 16. Bh2 Nxe5 17. Nxe5 fxe5 18. O-O O-O 19. Qe1 Nf5 20. Qxe5 Qe7 21. a5 a6 22.
c4 dxc4 23. Bxc4 Rae8 24. Rae1 Qg5 25. f3 Kh8 26. Bd3 Qxh5 27. g4 Qg5 28. Bf4
Qh4 29. gxf5 exf5 30. Bg3 Qh3 31. Qf4 g5 32. Qd4+ Kg8 33. Qd6 Rf6 34. Bc4+ Kh7
35. Re7+ 1-0

[Event "Saint Louis Masters 2026"]
[Site "Saint Louis USA"]
[Date "2026.02.27"]
[Round "5.10"]
[White "Park, Evan"]
[Black "Harsha, Bharathakoti"]
[Result "1-0"]
[WhiteTitle "IM"]
[BlackTitle "GM"]
[WhiteElo "2419"]
[BlackElo "2538"]
[WhiteFideId "30931142"]
[BlackFideId "5078776"]
[EventDate "2026.02.25"]

1. e4 c5 2. Nf3 d6 3. d4 cxd4 4. Nxd4 Nf6 5. Nc3 a6 6. Bg5 Nbd7 7. Bc4 Qb6 8.
Bb3 e6 9. Qd2 Be7 10. O-O-O Nc5 11. f3 Qc7 12. g4 b5 13. Be3 O-O 14. Rhg1 b4 15.
Na4 Bd7 16. Nxc5 dxc5 17. g5 Nxe4 18. fxe4 cxd4 19. Bxd4 Bc6 20. Qe3 Rad8 21.
Rdf1 Bb5 22. g6 Rxd4 23. gxf7+ Kh8 24. Qxd4 e5 25. Rxg7 Kxg7 26. Rg1+ 1-0